[Event "Petrolina Cordioli Memorial op"]
[Site "Petrolina"]
[Date "2007.10.19"]
[Round "3"]
[White "Ramos, Bruna Cavalcanti Pi"]
[Black "Brasileiro, Caio Graco"]
[Result "0-1"]
[WhiteElo "1800"]
[BlackElo "1800"]
[PlyCount "36"]
[EventDate "2007.10.09"]
[EventType "swiss"]
[EventRounds "7"]
[EventCountry "BRA"]
[SourceTitle "EXT 2022"]
[Source "ChessBase"]
[SourceDate "2021.10.06"]
[SourceVersion "1"]
[SourceVersionDate "2021.10.06"]
[SourceQuality "1"]

1. e4 e5 2. Bc4 Nc6 3. h3 Bc5 4. Nf3 Nf6 5. Nc3 d6 6. 0-0 Bd7 7. d3 g5 8. a3 g4 9. hxg4 Bxg4 10. Qe2 Nh5 11. Na4 Bxf3 12. Qxf3 Qh4 13. Qxf7+ Kd8 14. Nxc5 Nf4 15. Nxb7+ Kc8 16. Qf5+ Kxb7 17. Qd7 Rhg8 18. Qf5 Rxg2# 0-1